[Event "EST-chT 20th"]
[Site "Tallinn "]
[Date "2005.03.20"]
[Round "5"]
[White "Krupenski, Juri"]
[Black "Sergejev, Roman"]
[Result "1/2-1/2"]
[WhiteElo "2225"]
[BlackElo "2304"]
[PlyCount "21"]
[EventDate "2005.03.17"]
[EventType "team-tourn"]
[EventRounds "7"]
[EventCountry "EST"]
[SourceTitle "EXT 2016"]
[Source "ChessBase"]
[SourceDate "2015.10.08"]
[SourceVersion "1"]
[SourceVersionDate "2015.10.08"]
[SourceQuality "1"]

1. d4 d5 2. c4 e6 3. Nc3 c6 4. e3 Nf6 5. Nf3 Nbd7 6. Bd3 dxc4 7. Bxc4 b5 8. Bd3 Bb7 9. 0-0 a6 10. e4 c5 11. e5 1/2-1/2

[Event "EST-chT 20th"]
[Site "Tallinn "]
[Date "2005.03.18"]
[Round "3"]
[White "Sergejev, Roman"]
[Black "Zavoronkov, Vladimir"]
[Result "1/2-1/2"]
[WhiteElo "2304"]
[BlackElo "2399"]
[PlyCount "143"]
[EventDate "2005.03.17"]
[EventType "team-tourn"]
[EventRounds "7"]
[EventCountry "EST"]
[SourceTitle "EXT 2016"]
[Source "ChessBase"]
[SourceDate "2015.10.08"]
[SourceVersion "1"]
[SourceVersionDate "2015.10.08"]
[SourceQuality "1"]

1. Nf3 c5 2. c4 Nc6 3. d4 cxd4 4. Nxd4 Nf6 5. Nc3 e6 6. Ndb5 d6 7. Bf4 e5 8. Bg5 a6 9. Bxf6 gxf6 10. Na3 f5 11. g3 Be6 12. Bg2 e4 13. Qd2 Bg7 14. Nd5 Rc8 15. Rd1 Ne5 16. b3 b5 17. 0-0 bxc4 18. Nxc4 Nxc4 19. bxc4 Rxc4 20. Nf4 Rd4 21. Qc1 Qb6 22. Rxd4 Bxd4 23. Nxe6 fxe6 24. Qh6 d5 25. e3 Be5 26. Rc1 Ke7 27. Bf1 Kd6 28. Rd1 Qb7 29. Bc4 Ke7 30. Bb3 Qb5 31. Rc1 a5 32. Qg5+ Kd6 33. Qh5 a4 34. Qf7 Qd7 35. Qxd7+ Kxd7 36. Bxa4+ Ke7 37. Rc6 Ra8 38. Bb3 Kd7 39. Rb6 Bc7 40. Rb4 Kc6 41. Ra4 Ba5 42. Kg2 Kb5 43. h3 Rg8 44. Kf1 Rg7 45. Ke2 e5 46. Kf1 Rf7 47. Ke2 Rc7 48. Rxa5+ Kxa5 49. Bxd5 Re7 50. g4 fxg4 51. hxg4 Rg7 52. Bxe4 h6 53. Bf5 e4 54. Kf1 Kb4 55. Kg2 Kc3 56. Kg3 Kd3 57. Kf4 Ke2 58. Bxe4 Kxf2 59. Bd5 Ke2 60. e4 Kd3 61. e5 Kd4 62. Bb3 Rg5 63. e6 Re5 64. a4 Re3 65. Bd5 Re1 66. Bb3 Rf1+ 67. Kg3 Kc5 68. e7 Re1 69. g5 hxg5 70. Kg4 Rxe7 71. Kxg5 Kb4 72. Bc2 1/2-1/2

[Event "Keres Memorial op"]
[Site "Tallinn"]
[Date "2001.07.26"]
[Round "2"]
[White "Sergejev, Roman"]
[Black "Sakaev, Konstantin"]
[Result "0-1"]
[WhiteElo "2324"]
[BlackElo "2630"]
[PlyCount "138"]
[EventDate "2001.07.25"]
[EventType "swiss"]
[EventRounds "9"]
[EventCountry "EST"]
[SourceTitle "CBM 083 Extra"]
[Source "ChessBase"]
[SourceDate "2001.09.11"]
[SourceVersion "1"]
[SourceVersionDate "2001.09.11"]
[SourceQuality "1"]

1. d4 Nf6 2. Nf3 e6 3. Nbd2 d5 4. e3 c5 5. c3 Nc6 6. Bd3 Bd6 7. dxc5 Bxc5 8. 0-0 0-0 9. b4 Bd6 10. Bb2 e5 11. e4 Bg4 12. a3 Ne7 13. h3 Bh5 14. c4 d4 15. c5 Bc7 16. Re1 Qd7 17. Nf1 h6 18. Ng3 Bg6 19. Nh4 Bh7 20. Rc1 Kh8 21. b5 Ng6 22. Nxg6+ fxg6 23. c6 bxc6 24. Rxc6 h5 25. a4 Ba5 26. Rf1 Rfc8 27. Qc2 Rxc6 28. bxc6 Qc7 29. Rc1 Rb8 30. Ne2 g5 31. Ba3 Bg8 32. Bb5 g4 33. h4 Bh7 34. Bd3 Bg6 35. Ng3 Bc3 36. Ne2 Qxc6 37. Nxc3 dxc3 38. Qxc3 Qxc3 39. Rxc3 Bxe4 40. Bb5 Rd8 41. Re3 g3 42. fxg3 Rd1+ 43. Bf1 Bd5 44. Bb4 e4 45. a5 Bc4 46. Re1 Rxe1 47. Bxe1 Bxf1 48. Kxf1 a6 49. Kf2 Ng4+ 50. Ke2 Kh7 51. Kd2 Kg6 52. Kc3 Ne3 53. Bd2 Nxg2 54. Kd4 Kf5 55. Bg5 g6 56. Kc5 e3 57. Kb6 e2 58. Bd2 Ke4 59. Kxa6 Kd3 60. Bb4 Kc4 61. Bd2 Kd3 62. Bb4 Ne3 63. Be1 Nc2 64. Bf2 Ke4 65. Kb5 Kf3 66. Be1 Nxe1 67. a6 Nd3 68. a7 e1Q 69. a8Q+ Qe4 0-1

[Event "Dos Hermanas Internet KO"]
[Site "ICC INT"]
[Date "2001.04.07"]
[Round "4.1"]
[White "Rustemov, Alexander"]
[Black "Sergejev, Roman"]
[Result "1-0"]
[WhiteElo "2620"]
[BlackElo "2349"]
[PlyCount "97"]
[EventDate "2001.04.06"]
[EventType "k.o."]
[EventRounds "5"]
[EventCountry "USA"]
[SourceTitle "CBM 081 Extra"]
[Source "ChessBase"]
[SourceDate "2001.05.06"]
[SourceVersion "1"]
[SourceVersionDate "2001.05.06"]
[SourceQuality "1"]

1. d4 d5 2. c4 e6 3. Nc3 c6 4. e3 Nf6 5. Nf3 Nbd7 6. Qc2 Bd6 7. b3 0-0 8. Be2 dxc4 9. bxc4 e5 10. 0-0 Re8 11. Rd1 exd4 12. exd4 Nf8 13. Rb1 Ng6 14. c5 Bf4 15. Bc4 Qc7 16. d5 cxd5 17. Nxd5 Nxd5 18. Bxd5 Bxc1 19. Rdxc1 Nf4 20. Ng5 Ne2+ 21. Kh1 Nxc1 22. Rxc1 Kf8 23. Nxh7+ Ke7 24. Qd2 Be6 25. Qg5+ Kd7 26. c6+ bxc6 27. Bxc6+ Qxc6 28. Rxc6 Kxc6 29. Qxg7 Bxa2 30. Qc3+ Kb5 31. Nf6 Rad8 32. Qb2+ Kc6 33. Qc1+ Kb5 34. Nxe8 Rxe8 35. Qb2+ Kc6 36. h4 Bd5 37. Qc3+ Kb7 38. Kh2 Bc6 39. h5 Re6 40. g4 Kb6 41. Qb4+ Bb5 42. Qf8 a5 43. Qxf7 Rc6 44. g5 a4 45. Qf8 Rc3 46. g6 a3 47. g7 a2 48. Qd6+ Bc6 49. Qb4+ 1-0

[Event "Dos Hermanas Internet KO"]
[Site "ICC INT"]
[Date "2001.04.06"]
[Round "1.1"]
[White "Azmaiparashvili, Zurab"]
[Black "Sergejev, Roman"]
[Result "0-1"]
[WhiteElo "2670"]
[BlackElo "2349"]
[PlyCount "34"]
[EventDate "2001.04.06"]
[EventType "k.o."]
[EventRounds "5"]
[EventCountry "USA"]
[SourceTitle "CBM 081 Extra"]
[Source "ChessBase"]
[SourceDate "2001.05.06"]
[SourceVersion "1"]
[SourceVersionDate "2001.05.06"]
[SourceQuality "1"]

1. d4 d5 2. c4 c6 3. Nc3 Nf6 4. cxd5 cxd5 5. Bf4 Nc6 6. e3 a6 7. Be2 Bf5 8. g4 Bg6 9. Qb3 Na5 10. Qa4+ Nc6 11. h3 e6 12. Nf3 Qb6 13. 0-0 Qxb2 14. Ne5 Qxc3 15. Bb5 Bc2 16. Nxc6 Bxa4 17. Bxa4 Qa3 0-1

[Event "Dos Hermanas Internet KO"]
[Site "ICC INT"]
[Date "2001.04.06"]
[Round "2.1"]
[White "Mikhalevski, Victor"]
[Black "Sergejev, Roman"]
[Result "0-1"]
[WhiteElo "2500"]
[BlackElo "2349"]
[PlyCount "54"]
[EventDate "2001.04.06"]
[EventType "k.o."]
[EventRounds "5"]
[EventCountry "USA"]
[SourceTitle "CBM 081 Extra"]
[Source "ChessBase"]
[SourceDate "2001.05.06"]
[SourceVersion "1"]
[SourceVersionDate "2001.05.06"]
[SourceQuality "1"]

1. d4 d5 2. c4 c6 3. Nf3 Nf6 4. e3 e6 5. Bd3 Nbd7 6. 0-0 dxc4 7. Bxc4 b5 8. Bd3 a6 9. a4 Bb7 10. e4 c5 11. e5 c4 12. exf6 cxd3 13. Qxd3 Nc5 14. Qd1 Nxa4 15. Rxa4 bxa4 16. Ne5 Qa5 17. Bd2 Qb5 18. Nc3 Qb3 19. Qh5 g6 20. Qh3 Rd8 21. Be3 a3 22. Rb1 axb2 23. Nd1 Qc2 24. Qxe6+ fxe6 25. f7+ Ke7 26. Bg5+ Kd6 27. Bxd8 Qxb1 0-1

[Event "Dos Hermanas Internet KO"]
[Site "ICC INT"]
[Date "2001.04.06"]
[Round "2.2"]
[White "Sergejev, Roman"]
[Black "Mikhalevski, Victor"]
[Result "1-0"]
[WhiteElo "2349"]
[BlackElo "2500"]
[PlyCount "131"]
[EventDate "2001.04.06"]
[EventType "k.o."]
[EventRounds "5"]
[EventCountry "USA"]
[SourceTitle "CBM 081 Extra"]
[Source "ChessBase"]
[SourceDate "2001.05.06"]
[SourceVersion "1"]
[SourceVersionDate "2001.05.06"]
[SourceQuality "1"]

1. Nf3 c5 2. c4 Nf6 3. b3 d6 4. Bb2 e5 5. e3 g6 6. Be2 Bg7 7. 0-0 0-0 8. Nc3 Nc6 9. d3 d5 10. cxd5 Nxd5 11. Nxd5 Qxd5 12. Qc2 b6 13. Qc4 Qd6 14. Ng5 Bb7 15. Ne4 Qe7 16. Rfc1 Kh8 17. Ba3 f5 18. Nxc5 bxc5 19. Bxc5 Qd7 20. Bxf8 Rxf8 21. Rab1 f4 22. Bf3 e4 23. Bxe4 Ne5 24. Qc7 Qxc7 25. Rxc7 Bxe4 26. dxe4 fxe3 27. fxe3 Bh6 28. Rc3 Rf7 29. h3 Kg7 30. Rd1 Bg5 31. Rd5 Re7 32. Kf2 Nf7 33. Kf3 Bf6 34. Rcc5 h6 35. Ke2 g5 36. Kd3 Ne5+ 37. Kd2 Ng6 38. Rc6 Be5 39. Ra5 Nh4 40. Raa6 Rf7 41. Rxh6 Rf2+ 42. Kd3 Bf6 43. Rh5 Rxg2 44. Rxa7+ Kg6 45. Rah7 Bg7 46. a4 Nf3 47. b4 Ne5+ 48. Kc3 Ng4+ 49. Rxg7+ Kxh5 50. hxg4+ Kxg4 51. a5 Ra2 52. Kd4 Rd2+ 53. Kc4 Rc2+ 54. Kd3 Rb2 55. Rb7 Ra2 56. Rb8 Kf3 57. Rf8+ Kg3 58. e5 Ra3+ 59. Kd4 Rb3 60. e6 Rxb4+ 61. Kd5 Rb5+ 62. Kd6 Rb3 63. e7 Rd3+ 64. Kc5 Rxe3 65. e8Q Rxe8 66. Rxe8 1-0

[Event "EST-ch"]
[Site "Tallinn"]
[Date "2000.05.06"]
[Round "8"]
[White "Sergejev, Roman"]
[Black "Rychagov, Mikhail"]
[Result "0-1"]
[WhiteElo "2377"]
[BlackElo "2542"]
[PlyCount "112"]
[EventDate "2000.04.27"]
[EventType "tourn"]
[EventRounds "9"]
[EventCountry "EST"]
[EventCategory "7"]
[SourceTitle "CBM 075 Extra"]
[Source "ChessBase"]
[SourceDate "2000.05.11"]
[SourceVersion "2"]
[SourceVersionDate "2000.05.11"]
[SourceQuality "1"]

1. e4 c5 2. Nf3 d6 3. d4 cxd4 4. Nxd4 Nf6 5. Nc3 a6 6. Be2 e6 7. 0-0 Be7 8. f4 0-0 9. Qe1 Qc7 10. Qg3 b5 11. a3 Bb7 12. Bf3 Nbd7 13. Kh1 Nc5 14. Re1 Rad8 15. b4 Na4 16. Nxa4 bxa4 17. Bb2 g6 18. c4 Rc8 19. Rac1 Rfd8 20. f5 e5 21. fxg6 hxg6 22. Nf5 Kf8 23. Nh6 Kg7 24. Ng4 Nh5 25. Qf2 Bg5 26. Rc3 f6 27. g3 Rh8 28. Bg2 Qf7 29. c5 dxc5 30. bxc5 Bc6 31. Rd3 Qe6 32. Bf3 Rcd8 33. Red1 Rxd3 34. Rxd3 Qc4 35. Rd6 Nxg3+ 36. Kg2 Nxe4 37. Nxe5 fxe5 38. Bxe5+ Kh6 39. Rd4 Nxf2 40. Rxc4 Bxf3+ 41. Kxf3 Rf8+ 42. Kg3 Re8 43. c6 Rxe5 44. c7 Ne4+ 45. Rxe4 Rc5 46. Rxa4 Rxc7 47. Rxa6 Rc3+ 48. Kg4 Rc2 49. h3 Rc4+ 50. Kf3 Rc3+ 51. Kg2 Bf4 52. a4 Rg3+ 53. Kh2 Kh5 54. Ra8 Rg5+ 55. Kh1 Kh4 56. Rh8+ Kg3 0-1

[Event "EST-ch"]
[Site "Tallinn"]
[Date "2000.04.30"]
[Round "2"]
[White "Sergejev, Roman"]
[Black "Kiik, Kalle"]
[Result "1/2-1/2"]
[WhiteElo "2377"]
[BlackElo "2445"]
[PlyCount "51"]
[EventDate "2000.04.27"]
[EventType "tourn"]
[EventRounds "9"]
[EventCountry "EST"]
[EventCategory "7"]
[SourceTitle "CBM 075 Extra"]
[Source "ChessBase"]
[SourceDate "2000.05.11"]
[SourceVersion "2"]
[SourceVersionDate "2000.05.11"]
[SourceQuality "1"]

1. e4 g6 2. d4 Bg7 3. Nc3 c6 4. Bc4 d6 5. Qf3 e6 6. Nge2 b5 7. Bb3 a5 8. a3 Ba6 9. Be3 Qe7 10. d5 cxd5 11. exd5 e5 12. g4 a4 13. Ba2 Nf6 14. g5 Nh5 15. Ng3 Nf4 16. Nge4 Nd7 17. Bxf4 exf4 18. Qxf4 Be5 19. Qe3 0-0 20. 0-0-0 f5 21. gxf6 Nxf6 22. Kb1 Rab8 23. Nc5 Bc8 24. Nd3 Ng4 25. Qe2 Bf5 26. f3 1/2-1/2

[Event "Oz.com qual blitz"]
[Site "ICC INT"]
[Date "2000.03.05"]
[Round "7"]
[White "Mikhalevski, Victor"]
[Black "Sergejev, Roman"]
[Result "0-1"]
[WhiteElo "2499"]
[BlackElo "2377"]
[PlyCount "150"]
[EventDate "2000.03.05"]
[EventType "swiss (blitz)"]
[EventRounds "9"]
[EventCountry "USA"]
[SourceTitle "EXT 2001"]
[Source "ChessBase"]
[SourceDate "2000.11.22"]
[SourceVersion "1"]
[SourceVersionDate "2000.11.22"]
[SourceQuality "1"]

1. d4 d5 2. c4 c6 3. Nf3 Nf6 4. e3 e6 5. Bd3 Nbd7 6. 0-0 Be7 7. Nc3 0-0 8. b3 b6 9. e4 dxe4 10. Nxe4 Bb7 11. Bb2 c5 12. Qe2 Nxe4 13. Bxe4 Bxe4 14. Qxe4 Bf6 15. Rad1 Qc7 16. Bc1 cxd4 17. Nxd4 Nc5 18. Qf3 Bxd4 19. Rxd4 Rad8 20. Rh4 Qe5 21. Qh3 h6 22. Rh5 Qe2 23. Qf3 Qxf3 24. gxf3 f5 25. f4 Rd3 26. Kg2 Rc3 27. Be3 Ne4 28. Rh3 Rd8 29. Ra1 Rdd3 30. a4 a5 31. Rh4 Rxb3 32. Rc1 Rb2 33. Rh3 Nxf2 34. Bxf2 Rxf2+ 35. Kxf2 Rxh3 36. Kg2 Ra3 37. Rb1 Rxa4 38. Rxb6 Rxc4 39. Kf3 Rc3+ 40. Ke2 Rh3 41. Rxe6 Rxh2+ 42. Ke3 Rh3+ 43. Kd4 Rf3 44. Ra6 Rxf4+ 45. Ke5 Ra4 46. Kxf5 Kh7 47. Ra7 Ra1 48. Ke6 Re1+ 49. Kf7 Rf1+ 50. Ke6 Rf6+ 51. Ke5 Rg6 52. Kf4 Rg5 53. Ra6 Rb5 54. Kg4 h5+ 55. Kh4 g6 56. Ra8 Kg7 57. Rc8 Rb4+ 58. Kg3 a4 59. Ra8 Kh6 60. Ra6 h4+ 61. Kf3 Kh5 62. Ra8 Rb3+ 63. Kf4 g5+ 64. Kf5 Rf3+ 65. Ke4 Rf4+ 66. Ke3 Kg4 67. Rb8 h3 68. Rg8 h2 69. Rh8 Kg3 70. Rh7 Kg2 71. Rh5 h1Q 72. Rxg5+ Kf1 73. Kxf4 Qh6 74. Kg4 Qxg5+ 75. Kxg5 a3 0-1

[Event "EST-chT Cup"]
[Site "Tallinn"]
[Date "2000.02.25"]
[Round "?"]
[White "Leito, Priit"]
[Black "Sergejev, Roman"]
[Result "1/2-1/2"]
[WhiteElo "2377"]
[BlackElo "2377"]
[PlyCount "81"]
[EventDate "2000.02.25"]
[EventType "team"]
[EventRounds "10"]
[EventCountry "EST"]
[SourceTitle "EXT 2001"]
[Source "ChessBase"]
[SourceDate "2000.11.22"]
[SourceVersion "1"]
[SourceVersionDate "2000.11.22"]
[SourceQuality "1"]

1. e4 c5 2. Nf3 d6 3. d4 cxd4 4. Nxd4 Nf6 5. Nc3 a6 6. f3 Qb6 7. Nb3 Nc6 8. Bd3 g6 9. Qe2 Bg7 10. Be3 Qc7 11. Qd2 h5 12. 0-0 Ne5 13. Bd4 Be6 14. f4 Nc6 15. Bxf6 Bxf6 16. f5 Bxb3 17. axb3 Bxc3 18. Qxc3 0-0 19. Bc4 Qb6+ 20. Kh1 Ne5 21. fxg6 Nxg6 22. Qf3 Kg7 23. Bxf7 Qc5 24. Rad1 Qxc2 25. Qf5 Qxg2+ 26. Kxg2 Nh4+ 27. Kg3 Nxf5+ 28. Rxf5 Rxf7 29. Rxh5 Raf8 30. Rg5+ Kh6 31. Rg4 Rf3+ 32. Kg2 Rxb3 33. Kh1 Rh3 34. Rdg1 Rf7 35. e5 dxe5 36. Rg6+ Kh7 37. Rb6 e4 38. Rxb7 e3 39. Rb4 Rf2 40. Rg2 Rf1+ 41. Rg1 1/2-1/2

[Event "EST-ch"]
[Site "Tallinn"]
[Date "1999.05.04"]
[Round "4"]
[White "Sergejev, Roman"]
[Black "Seeman, Tarvo"]
[Result "1-0"]
[WhiteElo "2376"]
[BlackElo "2440"]
[PlyCount "89"]
[EventDate "1999.05.??"]
[EventType "tourn"]
[EventRounds "9"]
[EventCountry "EST"]
[EventCategory "6"]
[SourceTitle "CBM 070 Extra"]
[Source "ChessBase"]
[SourceDate "1999.07.10"]
[SourceVersion "1"]
[SourceVersionDate "1999.07.10"]
[SourceQuality "1"]

1. Nf3 Nf6 2. c4 g6 3. g3 Bg7 4. Bg2 0-0 5. d4 d6 6. Nc3 Nbd7 7. 0-0 e5 8. e4 c6 9. b3 Qb6 10. Rb1 exd4 11. Nxd4 Nxe4 12. Nxe4 Bxd4 13. Bh6 Bg7 14. Bxg7 Kxg7 15. Qxd6 c5 16. Rbd1 Re8 17. Rfe1 Re6 18. Qxb6 axb6 19. Nd6 Nf8 20. a4 Rxe1+ 21. Rxe1 Ne6 22. f4 Kf8 23. Kf2 Ke7 24. Nxc8+ Rxc8 25. Bxb7 Rd8 26. Bd5 Kf6 27. Bxe6 fxe6 28. Ke2 e5 29. Rd1 Rxd1 30. fxe5+ Kxe5 31. Kxd1 g5 32. Kc2 Ke4 33. b4 cxb4 34. Kb3 g4 35. Kxb4 Kf3 36. c5 bxc5+ 37. Kxc5 Kg2 38. a5 Kxh2 39. a6 Kxg3 40. a7 h5 41. a8Q h4 42. Kd4 h3 43. Ke3 Kh2 44. Qa2+ Kh1 45. Kf2 1-0

[Event "EST-ch"]
[Site "Tallinn"]
[Date "1999.05.02"]
[Round "2"]
[White "Sergejev, Roman"]
[Black "Veingold, Aleksandr"]
[Result "1/2-1/2"]
[WhiteElo "2376"]
[BlackElo "2475"]
[PlyCount "54"]
[EventDate "1999.05.??"]
[EventType "tourn"]
[EventRounds "9"]
[EventCountry "EST"]
[EventCategory "6"]
[SourceTitle "CBM 070 Extra"]
[Source "ChessBase"]
[SourceDate "1999.07.10"]
[SourceVersion "1"]
[SourceVersionDate "1999.07.10"]
[SourceQuality "1"]

1. e4 c5 2. Nf3 d6 3. d4 cxd4 4. Nxd4 Nf6 5. Nc3 Nc6 6. Bc4 e6 7. Be3 a6 8. Qe2 Qc7 9. 0-0-0 Na5 10. Bd3 b5 11. a3 Rb8 12. Bg5 Be7 13. Qe1 b4 14. axb4 Rxb4 15. Bxf6 Bxf6 16. Nd5 exd5 17. Qxb4 Bxd4 18. Bb5+ axb5 19. Rxd4 Nc6 20. Qc3 0-0 21. Rhd1 dxe4 22. Rxd6 Bb7 23. Rd7 Qb6 24. Qe3 Qa6 25. Qa3 Qb6 26. Qe3 Qa6 27. Qa3 Qb6 1/2-1/2

[Event "Keres Memorial op"]
[Site "Tallinn"]
[Date "1998.06.21"]
[Round "8"]
[White "Sergejev, Roman"]
[Black "Zitin, Yuri"]
[Result "1/2-1/2"]
[WhiteElo "2385"]
[BlackElo "2195"]
[PlyCount "152"]
[EventDate "1998.06.??"]
[EventType "swiss"]
[EventRounds "9"]
[EventCountry "EST"]
[SourceTitle "EXT 1999"]
[Source "ChessBase"]
[SourceDate "1998.11.16"]
[SourceVersion "1"]
[SourceVersionDate "1998.11.16"]
[SourceQuality "1"]

1. d4 Nf6 2. c4 g6 3. Nc3 d5 4. Nf3 Bg7 5. Bf4 c5 6. dxc5 Qa5 7. cxd5 Nxd5 8. Qxd5 Bxc3+ 9. Bd2 Bxd2+ 10. Qxd2 Qxc5 11. Rc1 Qf5 12. Nd4 Qd7 13. Qh6 Qxd4 14. Rxc8+ Kd7 15. Rc3 Ke8 16. e3 Qe5 17. f4 Qa5 18. Qg7 Rf8 19. Bb5+ Nc6 20. Bxc6+ bxc6 21. 0-0 Rd8 22. Rxc6 Qxa2 23. Rc7 Qe6 24. Qc3 f6 25. Ra1 Kf7 26. h3 a6 27. Rc6 Qe4 28. Raxa6 Rd1+ 29. Kh2 Rd3 30. Qc4+ Qxc4 31. Rxc4 Rxe3 32. Ra3 Re2 33. b4 Rd8 34. Rg3 Rdd2 35. Rcc3 h5 36. h4 Rd4 37. Rgf3 Rxb4 38. Rb3 Rbe4 39. Kg3 Kg7 40. Kh3 Re1 41. Kg3 Kf7 42. Ra3 R1e2 43. Rab3 Rc2 44. Rbc3 Rxc3 45. Rxc3 Ke6 46. Rc5 Re3+ 47. Kf2 Rd3 48. g3 Rd5 49. Rc7 Rd7 50. Rc5 Rd3 51. Ra5 Rc3 52. Rb5 Kd6 53. Rb8 e5 54. fxe5+ Kxe5 55. Rb5+ Ke4 56. Rb4+ Kf5 57. Ra4 Rd3 58. Rb4 g5 59. hxg5 fxg5 60. Ra4 Rb3 61. Rc4 Rb5 62. Ra4 Re5 63. Kf3 g4+ 64. Kf2 Kg5 65. Rb4 h4 66. gxh4+ Kxh4 67. Rb3 Rc5 68. Kg2 Rc2+ 69. Kg1 Re2 70. Ra3 Kg5 71. Ra4 Kf5 72. Rb4 Re4 73. Rxe4 Kxe4 74. Kg2 Kf4 75. Kf2 g3+ 76. Kg2 Kg4 1/2-1/2

[Event "Keres Memorial op"]
[Site "Tallinn"]
[Date "1998.06.18"]
[Round "5"]
[White "Sergejev, Roman"]
[Black "Miezis, Normunds"]
[Result "0-1"]
[WhiteElo "2385"]
[BlackElo "2505"]
[PlyCount "116"]
[EventDate "1998.06.??"]
[EventType "swiss"]
[EventRounds "9"]
[EventCountry "EST"]
[SourceTitle "EXT 1999"]
[Source "ChessBase"]
[SourceDate "1998.11.16"]
[SourceVersion "1"]
[SourceVersionDate "1998.11.16"]
[SourceQuality "1"]

1. Nf3 c5 2. c3 Nf6 3. d4 e6 4. e3 b6 5. Nbd2 Bb7 6. Bd3 cxd4 7. exd4 Be7 8. 0-0 0-0 9. Qe2 Nd5 10. Ne4 f5 11. Neg5 Rf6 12. Nh3 h6 13. Nf4 Nxf4 14. Bxf4 Nc6 15. Ba6 Bxa6 16. Qxa6 g5 17. Bd2 d5 18. Rad1 Bd6 19. Rfe1 Qc7 20. Qe2 f4 21. h3 Ne7 22. b3 Rc8 23. Rc1 Ba3 24. Rc2 Nf5 25. Qd3 Bf8 26. c4 Nh4 27. Nxh4 gxh4 28. f3 Qh7 29. Qxh7+ Kxh7 30. Re2 Bg7 31. Be1 Rf7 32. Bf2 Rfc7 33. c5 bxc5 34. Rxc5 Rxc5 35. dxc5 e5 36. Kf1 Kg6 37. Rc2 Kf5 38. c6 d4 39. b4 Ke6 40. b5 Kd5 41. Ke2 e4 42. fxe4+ Kxe4 43. Rc4 Be5 44. a4 Rg8 45. a5 Rxg2 46. c7 Bxc7 47. Rxc7 d3+ 48. Kf1 Kf3 49. Be1 Rh2 50. Rg7 Rh1+ 51. Rg1 Rh2 52. Rg7 d2 53. Bxd2 Rxd2 54. Kg1 Rb2 55. b6 axb6 56. axb6 Rxb6 57. Rg4 Rb5 58. Rxh4 h5 0-1

[Event "Heart of Finland op 08th"]
[Site "Jyvaskyla"]
[Date "1998.??.??"]
[Round "?"]
[White "Sergejev, Roman"]
[Black "Ehlvest, Jaan"]
[Result "1/2-1/2"]
[WhiteElo "2385"]
[BlackElo "2610"]
[PlyCount "97"]
[EventDate "1998.07.??"]
[EventType "swiss"]
[EventRounds "9"]
[EventCountry "FIN"]
[SourceTitle "EXT 2000"]
[Source "ChessBase"]
[SourceDate "1999.11.16"]
[SourceVersion "1"]
[SourceVersionDate "1999.11.16"]
[SourceQuality "1"]

1. Nf3 g6 2. d4 Bg7 3. c3 f5 4. g3 Nf6 5. Bg2 0-0 6. 0-0 d6 7. Nbd2 Nc6 8. Qb3+ e6 9. Re1 d5 10. Qc2 Qe7 11. Nb3 Ne4 12. Nfd2 e5 13. Nxe4 fxe4 14. Be3 Qf7 15. Qd2 a5 16. a4 b6 17. f3 exf3 18. exf3 Re8 19. dxe5 Nxe5 20. Bd4 Bb7 21. Bxe5 Bxe5 22. f4 Bf6 23. Nd4 Qd7 24. Nb5 c6 25. Nd4 Rad8 26. Rxe8+ Rxe8 27. Re1 Kg7 28. Rxe8 Qxe8 29. f5 Kg8 30. g4 Qe7 31. Ne6 Bc8 32. Qe3 Bxe6 33. Qxe6+ Qxe6 34. fxe6 Kf8 35. g5 Bxg5 36. c4 d4 37. Bxc6 Ke7 38. Bd5 Bf4 39. h3 d3 40. Kf2 Kd6 41. Ke1 Bg5 42. Kf2 h6 43. Be4 d2 44. Ke2 Kxe6 45. Bxg6 Kd6 46. c5+ bxc5 47. b3 c4 48. bxc4 Kc5 49. Be8 1/2-1/2

[Event "Heart of Finland op 08th"]
[Site "Jyvaskyla"]
[Date "1998.??.??"]
[Round "?"]
[White "Sergejev, Roman"]
[Black "Kilpi, Teemu"]
[Result "1/2-1/2"]
[WhiteElo "2385"]
[BlackElo "2170"]
[PlyCount "35"]
[EventDate "1998.07.??"]
[EventType "swiss"]
[EventRounds "9"]
[EventCountry "FIN"]
[SourceTitle "EXT 2000"]
[Source "ChessBase"]
[SourceDate "1999.11.16"]
[SourceVersion "1"]
[SourceVersionDate "1999.11.16"]
[SourceQuality "1"]

1. Nf3 d5 2. d4 e6 3. c4 c6 4. e3 f5 5. Bd3 Nf6 6. Nbd2 Bd6 7. Rb1 a5 8. b3 0-0 9. Bb2 Bd7 10. Ne5 Be8 11. h3 Ne4 12. 0-0 Nd7 13. f4 Bh5 14. Ndf3 Nxe5 15. fxe5 Be7 16. Qc1 g5 17. Nh2 Rf7 18. Bxe4 1/2-1/2

[Event "EST-chT"]
[Site "Tallinn"]
[Date "1998.??.??"]
[Round "5"]
[White "Sergejev, Roman"]
[Black "Raud, Rainer"]
[Result "1-0"]
[WhiteElo "2385"]
[BlackElo "2385"]
[PlyCount "81"]
[EventDate "1998.??.??"]
[EventType "team"]
[EventRounds "10"]
[EventCountry "EST"]
[SourceTitle "EXT 1999"]
[Source "ChessBase"]
[SourceDate "1998.11.16"]
[SourceVersion "1"]
[SourceVersionDate "1998.11.16"]
[SourceQuality "1"]

1. e4 c5 2. Nf3 d6 3. d4 cxd4 4. Nxd4 Nf6 5. f3 Nc6 6. c4 Nxd4 7. Qxd4 g6 8. Be3 Bg7 9. Nc3 0-0 10. Qd2 Be6 11. Rc1 Rc8 12. b3 Nd7 13. Be2 a6 14. 0-0 Re8 15. Nd5 Bxd5 16. cxd5 Nf8 17. a4 Qd7 18. Bc4 b5 19. axb5 axb5 20. Bd3 e6 21. Qa5 exd5 22. Bxb5 Qd8 23. Qd2 Rxc1 24. Rxc1 dxe4 25. Bxe8 Qxe8 26. fxe4 Qxe4 27. Bf2 Qb7 28. Rb1 d5 29. Qd3 Ne6 30. b4 d4 31. b5 Qb6 32. Qc4 Be5 33. Rc1 h5 34. Qc6 Qa5 35. Re1 Bf6 36. b6 d3 37. b7 Bd4 38. b8Q+ Kh7 39. Qb1 d2 40. Rf1 Qa7 41. Qcc2 1-0

[Event "EST-chT"]
[Site "Tallinn"]
[Date "1998.??.??"]
[Round "8"]
[White "Sergejev, Roman"]
[Black "Vasiliev, Igor"]
[Result "1/2-1/2"]
[WhiteElo "2385"]
[BlackElo "2300"]
[PlyCount "20"]
[EventDate "1998.??.??"]
[EventType "team"]
[EventRounds "10"]
[EventCountry "EST"]
[SourceTitle "EXT 1999"]
[Source "ChessBase"]
[SourceDate "1998.11.16"]
[SourceVersion "1"]
[SourceVersionDate "1998.11.16"]
[SourceQuality "1"]

1. e4 c5 2. Nc3 Nc6 3. f4 g6 4. Nf3 Bg7 5. Bc4 e6 6. a3 Nge7 7. d3 d5 8. Ba2 0-0 9. 0-0 Rb8 10. Qe1 Nd4 1/2-1/2

[Event "FIN-chT 9798"]
[Site "Finland"]
[Date "1998.??.??"]
[Round "7"]
[White "Sorri, Kari Juhani"]
[Black "Sergejev, Roman"]
[Result "1/2-1/2"]
[WhiteElo "2305"]
[BlackElo "2370"]
[PlyCount "38"]
[EventDate "1997.??.??"]
[EventType "team"]
[EventRounds "9"]
[EventCountry "FIN"]
[SourceTitle "EXT 2000"]
[Source "ChessBase"]
[SourceDate "1999.11.16"]
[SourceVersion "1"]
[SourceVersionDate "1999.11.16"]
[SourceQuality "1"]

1. d4 d5 2. Nf3 Bf5 3. g3 c6 4. Bg2 Nf6 5. 0-0 h6 6. b3 e6 7. Bb2 Nbd7 8. c4 Be7 9. Nc3 0-0 10. Nd2 Qb6 11. Kh1 Rfe8 12. Qc1 Rac8 13. f3 c5 14. e4 Bg6 15. exd5 exd5 16. Nxd5 Nxd5 17. cxd5 cxd4 18. Nc4 Qb5 19. Qd2 Qxd5 1/2-1/2